000 00667nam a2200289Ia 4500
005 20260324133437.0
008 008 260324s9999 xx 000 0 eng d
020 _a9781315064833
037 _aEBOOK
040 _aCRL
040 _beng
040 _cCRL
041 _2eng
041 _aeng
084 _qCRL
100 _aJune Green
_91193094
245 0 _aLiteracy for Childcare Students
245 2 _bA Basic Skills Guide
260 _bTaylor and Francis
260 _c2003
365 _a
365 _b120
856 _uhttp://www.taylorfrancis.com/books/9781315064833
942 _cEBOOK
999 _c1792147
_d1792147